Najbardziej zaludnione wyspy na mapie świata - Statystyki

Ogólne statystyki
  • Ten quiz został rozwiązany 41 razy
  • Średni wynik to 37 z 100
Odpowiedzi na mapie
Odpowiedzi zakodowano w zielono-czerwonej skali na mapie do tego quizu, zgodnie z poniższymi procentami.
 
Statystyki odpowiedzi
Populacja Wyspa % Poprawnych
28.5 m Madagaskar
97%
386 k Malta
97%
21.9 m Sri Lanka
97%
4.80 m Sycylia
97%
7.03 m Irlandia
95%
375 k Islandia
95%
66.4 m Wielka Brytania
95%
1.09 m Cypr
92%
2.95 m Jamajka
90%
11.3 m Kuba
90%
22.3 m Haiti
87%
1.58 m Sardynia
87%
623 k Kreta
82%
862 k Majorka
79%
104 m Honsiu
77%
145 m Jawa
77%
23.9 m Tajwan
77%
1.10 m Bahrajn
74%
23.7 m Borneo
74%
5.38 m Hokkaido
72%
59.2 m Sumatra
72%
1.27 m Trynidad
72%
542 k Tasmania
69%
1.22 m Mauritius
67%
14.8 m Nowa Gwinea
67%
5.89 m Singapur
67%
3.29 m Portoryko
64%
3.92 m Wyspa Północna
62%
1.20 m Wyspa Południowa
62%
3.18 m Timor
59%
897 k Zanzibar
59%
2.29 m Zelandia
59%
12.7 m Kiusiu
56%
522 k Nowa Fundlandia
54%
20.2 m Sulawesi
54%
907 k Teneryfa
54%
1.27 m Hong Kong
49%
64.3 m Luzon
49%
4.32 m Bali
46%
1.69 m Manhattan
46%
870 k Vancouver
46%
390 k Martynika
44%
8.06 m Long Island
41%
27.0 m Mindanao
41%
838 k Réunion
41%
839 k Gran Canaria
38%
472 k Sachalin
38%
3.82 m SIkoku
36%
2.89 m Zhongshan (Makau)
36%
10.1 m Hajnan
33%
1.01 m Oahu
33%
1.30 m Okinawa
31%
622 k Czedżu
26%
1.83 m Flores
21%
525 k Phuket
21%
466 k Fionia
18%
2.01 m Wyspa Montreal
18%
4.31 m Cebu
15%
887 k Palawan
15%
496 k Staten Island
15%
438 k Île Jésus
10%
2.63 m Leyte
10%
490 k Margarita
10%
4.66 m Negros
10%
514 k Nowa Brytania
10%
686 k Sumba
10%
662 k Viti Levu
10%
4.00 m Madura
8%
383 k Marajó
8%
407 k Pemba
8%
23.8 m Salsette
8%
1.38 m São Luís
8%
1.39 m Sumbawa
8%
2.04 m Xiamen
8%
1.21 m Bohol
5%
450 k Halmahera
5%
3.31 m Lombok
5%
1.33 m Mindoro
5%
4.52 m Panay
5%
434 k Seram
5%
961 k Bangka
3%
756 k Nias
3%
860 k Penang
3%
1.75 m Samar
3%
420 k Wyspa Świętej Katarzyny
3%
441 k Ambon
0%
459 k Basilan
0%
1.15 m Batam
0%
1.76 m Bhola / Dokkhin Szahbadźpur Dip
0%
447 k Buton
0%
763 k Cangshan
0%
615 k Chongming
0%
1.56 m Haizhu
0%
423 k IJsselmonde
0%
530 k Jolo
0%
468 k Mactan
0%
707 k Masbate
0%
760 k São Vicente
0%
400 k Szondip
0%
503 k Zhoushan
0%
Nie znaleziono quizów pasujących do podanych kryteriów
Rozkład punktacji
Procent ludzi z każdym wynikiem
Percentyl według liczby udzielonych odpowiedzi
Twoja historia wyników
Nie rozwiązałeś tego quizu